000 01771nam a22002057a 4500
999 _c63470
_d63470
003 Ge_BSU
005 20251015200232.0
008 251015s2010 ge ||||| |||| 00| 0 geo d
041 _ageo
080 _a338.48(479.22)(063) ტ-92
245 _aტურიზმი: ეკონომიკა და ბიზნესი :
_bI საერთაშორისო სამეცნიერო-პრაქტიკული კონფერენცია. 5-6 ივნისი. პროგრამა /
_cბათუმის შოთა რუსთაველის სახელმწ. უნ-ტი, ტურიზმის ფაკ-ტი, აჭარის არ ტურიზმისა და კურორტების დეპარტამენტი.
264 _aბათუმი-ტრაპიზონი,
_c2010.
300 _a36 გვ.
_b21 სმ.
500 _aთავფურცლის მე-2 გვერდი ინგლ. ენაზე.
501 _aყდა ქართ. და ინგლ. ენებზე.
653 _aსაქართველოს ტურიზმის ეკონომიკა
653 _aბიზნესი საქართველოში -- კონფერენციები
710 _aბათუმის შოთა რუსთაველის სახელმწ. უნ-ტი. ტურიზმის ფაკ-ტი.
_bაჭარის არ ტურიზმისა და კურორტების დეპარტამენტი. აჭარის არ. ტურიზმისა და კურორტების დეპარტამენტი.
_926033
942 _2udc
_cᲬᲘᲒᲜᲘ